|
|
|
|
| LEADER |
01019nnm a2200241 i 4500 |
| 001 |
eta1900 |
| 005 |
20201026152822.0 |
| 008 |
190205s2019 hu o 0|| hun d |
| 020 |
|
|
|a 978-963-306-635-5
|
| 040 |
|
|
|a SZTE Elektronikus Tananyag Archívum
|b hun
|
| 041 |
|
|
|a hun
|
| 100 |
1 |
|
|a Zsótér Brigitta
|
| 245 |
1 |
0 |
|a Vállalati gazdaságtan és pénzügyi ismeretek mérnököknek
|h [elektronikus dokumentum] :
|b válogatott fejezetek /
|c Zsótér Brigitta
|
| 246 |
1 |
0 |
|a Corporate economy and finance for engineers
|h [elektronikus dokumentum]
|
| 260 |
|
|
|c 2019
|
| 300 |
|
|
|a 83
|
| 516 |
|
|
|a Book
|
| 650 |
|
4 |
|a Társadalomtudományok
|
| 650 |
|
4 |
|a Közgazdasági és gazdálkodástudományok
|
| 650 |
|
4 |
|a Pénzpiacok, pénzügyi eszközök árai, nemzetközi pénzügyek
|
| 650 |
|
4 |
|a Gazdálkodás és menedzsment
|
| 650 |
|
4 |
|a Marketing
|
| 856 |
4 |
0 |
|u https://eta.bibl.u-szeged.hu/1900/1/EFOP343_16_2016_00014_AP2_Zsoter_B_Vallalti%20gazdasagtan%20es%20penzugyi%20ismeretek%20mernokoknek_2019_01_23.pdf
|z Dokumentum-elérés
|